Países que mais exportam café - Statistics

Estatísticas Gerais
  • Esse quiz foi jogado 190 vezes
  • A pontuação média é 8 de 15
Estatísticas das Respostas
Exportação País % Correto
2.652.000 Brasil
100%
810,000 Colômbia
90%
116.820 China
83%
234.000 México
83%
348.000 Índia
75%
192.000 Peru
75%
660,000 Indonésia
57%
384.000 Etiópia
45%
89.520 Costa Rica
44%
204.000 Guatemala
39%
348.000 Honduras
39%
132.000 Nicarágua
39%
1,650,000 Vietnam
19%
288.000 Uganda
17%
108.000 Costa do Marfim
15%
Nenhum quiz correspondente encontrado
Distribuição das Pontuações
Porcentagem de Pessoas com Cada Pontuação
Percentil de Números Respondidos
Sua Pontuação Histórica
Você não jogou esse quiz